Documento que habla sobre la venta de una mulata con dos hijos y otros dos mulatos como esclavos (Record no. 4885)

MARC details
000 -CABECERA
campo de control de longitud fija 01688nam a2200361 a 4500
001 - NÚMERO DE CONTROL
campo de control BRCA_5191
005 - FECHA Y HORA DE LA ÚLTIMA TRANSACCIÓN
campo de control 20190320204958.0
008 - DATOS DE LONGITUD FIJA--INFORMACIÓN GENERAL
campo de control de longitud fija 251110s1715----mx-######v---#000-0#spa-#
041 ## - CÓDIGO DE LENGUA
Código de lengua del texto/banda sonora o título independiente spa
044 ## - CÓDIGO DEL PAÍS DE LA ENTIDAD EDITORA/PRODUCTORA
Código MARC del país mx
084 ## - OTRO NÚMERO DE CLASIFICACIÓN
Número de clasificación DOC118
Número de documento/Ítem .P37
-- 1715
100 1# - ENTRADA PRINCIPAL--NOMBRE DE PERSONA
Nombre de persona Parra, Pedro Hipólito de la
9 (RLIN) 13286
245 10 - MENCIÓN DE TÍTULO
Título Documento que habla sobre la venta de una mulata con dos hijos y otros dos mulatos como esclavos
Mención de responsabilidad, etc. Pedro Hipólito de la Parra ... [et al].
260 ## - PUBLICACIÓN, DISTRIBUCIÓN, ETC.
Lugar de publicación, distribución, etc. México
Fecha de publicación, distribución, etc. 1715
300 ## - DESCRIPCIÓN FÍSICA
Extensión [17] fojas
Dimensiones 30 x 21 cm.
500 ## - NOTA GENERAL
Nota general Documento en el cuál se concede licencia ante notario público al Lic. Pedro Hipólito de la Parra al Santuario de Nuestra Señora de San Juan para la venta de una mulata llamada María con dos hijos y otros dos mulatos más llamados Francisco y José por no ser ya de utilidad.
500 ## - NOTA GENERAL
Nota general El documento contiene la leyenda DOC. #282.
500 ## - NOTA GENERAL
Nota general Papel con marca de agua.
500 ## - NOTA GENERAL
Nota general Estado de conservación: contiene manchas de acidez y margenes maltratados.
506 0# - NOTA DE RESTRICCIONES AL ACCESO
Limitaciones de acceso Fondo Reservado. Para su consulta es necesario credencial de usuario y carta de motivos.
546 ## - NOTA DE LENGUA/LENGUAJE
Nota de lengua/lenguaje Texto en: español de principios del siglo XVIII
600 14 - PUNTO DE ACCESO ADICIONAL DE MATERIA--NOMBRE DE PERSONA
Nombre de persona Parra, Pedro Hipólito de la
Subdivisión general Historia
9 (RLIN) 13287
650 14 - PUNTO DE ACCESO ADICIONAL DE MATERIA--TÉRMINO DE MATERIA
Término de materia o nombre geográfico como elemento de entrada Documentos legales
Subdivisión de forma Manuscritos
Subdivisión general Historia
9 (RLIN) 12814
651 #4 - PUNTO DE ACCESO ADICIONAL DE MATERIA--NOMBRE GEOGRÁFICO
Nombre geográfico México
Subdivisión general Historia
Subdivisión cronológica Colonia, 1521-1821
9 (RLIN) 12461
700 1# - PUNTO DE ACCESO ADICIONAL--NOMBRE DE PERSONA
Nombre de persona Vidal Picazo, Manuel
9 (RLIN) 13288
700 1# - PUNTO DE ACCESO ADICIONAL--NOMBRE DE PERSONA
Nombre de persona Gonzaléz de Arreola, Diego
9 (RLIN) 13289
700 1# - PUNTO DE ACCESO ADICIONAL--NOMBRE DE PERSONA
Nombre de persona Espinoza de los Monteros, Salvador
9 (RLIN) 13290
700 1# - PUNTO DE ACCESO ADICIONAL--NOMBRE DE PERSONA
Nombre de persona Villanueva, José Antonio
9 (RLIN) 13291
700 1# - PUNTO DE ACCESO ADICIONAL--NOMBRE DE PERSONA
Nombre de persona Mimbela, Manuel de
9 (RLIN) 13292
700 1# - PUNTO DE ACCESO ADICIONAL--NOMBRE DE PERSONA
Nombre de persona Covarrubias, Francisco
9 (RLIN) 13293
902 ## - CATALOGADOR
Iniciales FDH
942 ## - ELEMENTOS DE PUNTO DE ACCESO ADICIONAL (KOHA)
Fuente del sistema de clasificación o colocación Library of Congress Classification
Tipo de ítem Koha Documentos
Holdings
Estado de retiro Estado de pérdida Estado dañado No para préstamo Localización permanente Ubicación/localización actual Fecha de adquisición Total de préstamos Signatura topográfica completa Código de barras Fecha visto por última vez Precio válido a partir de Tipo de ítem Koha
El ejemplar forma parte de la colección y puede ser consultado según las políticas vigentes.       Biblioteca del Museo Franz Mayer (Rogerio Casas-Alatriste) Biblioteca del Museo Franz Mayer (Rogerio Casas-Alatriste) 25/11/2010   DOC118 .P37 1715 5626 22/03/2019 22/03/2019 Documentos